<?xml version="1.0" encoding="UTF-8"?>
<marc:record xmlns:marc="http://www.loc.gov/MARC21/slim">
   <marc:leader>00000nam a2200000 a 4500</marc:leader>
   <marc:datafield ind1=" " ind2=" " tag="653">
      <marc:subfield code="a">Lottogewinn</marc:subfield>
   </marc:datafield>
   <marc:datafield ind1="0" ind2="0" tag="245">
      <marc:subfield code="a">Lang lebe Ned Devine!</marc:subfield>
   </marc:datafield>
   <marc:datafield ind1=" " ind2="1" tag="264">
      <marc:subfield code="b">Arthaus</marc:subfield>
      <marc:subfield code="c">2009</marc:subfield>
   </marc:datafield>
   <marc:datafield ind1="1" ind2=" " tag="520">
      <marc:subfield code="a">Samstag ist Lottotag - auch für Jackie, einen der 52 Einwohner des Dörfchens Tullymore. Aber das Schicksal ist erbamungslos - wieder einmal geht er leer aus. Statt dessen hat ein anderer Tullymorebewohner den Jackpot geknackt. Zusammen mit seinem Freund Michael und seiner Frau Annie organisiert Jackie für alle Lottospieler der Örtchens eine Party. Doch selbst heftiges Nachboren führt zu keinem Ergebnis.</marc:subfield>
   </marc:datafield>
   <marc:datafield ind1=" " ind2=" " tag="020">
      <marc:subfield code="a">9786680018863</marc:subfield>
      <marc:subfield code="9">9786680018863</marc:subfield>
   </marc:datafield>
   <marc:datafield ind1=" " ind2=" " tag="020">
      <marc:subfield code="a">6680018862</marc:subfield>
      <marc:subfield code="9">6680018862</marc:subfield>
   </marc:datafield>
   <marc:datafield ind1=" " ind2=" " tag="041">
      <marc:subfield code="a">ger</marc:subfield>
   </marc:datafield>
   <marc:datafield ind1=" " ind2=" " tag="338">
      <marc:subfield code="a">Videodisk</marc:subfield>
   </marc:datafield>
</marc:record>
